Visualizzazione normale
Vista MARC
- Provincia Autonoma di Trento
di Personal Name
Records bibliografici associati: 1
001 - CONTROL NUMBER
- control field: 63050
003 - CONTROL NUMBER IDENTIFIER
- control field:
005 - DATE AND TIME OF LATEST TRANSACTION
- control field: 20251224192616.0
008 - FIXED-LENGTH DATA ELEMENTS
- fixed length control field: 251224|| aca||aabn | a|a d
040 ## - CATALOGING SOURCE
- Original cataloging agency:
- Transcribing agency:
100 ## - HEADING--PERSONAL NAME
- Personal name: Provincia Autonoma di Trento
670 ## - SOURCE DATA FOUND
- Source citation: Work cat.: ()218743: Provincia Autonoma di Trento, Sistema integrato delle politiche strutturali per la promozione del benessere familiare e della natalità , 2016